Music Quiz

Random Music Quiz
Score 0/40 Timer 08:00
0 Plays Today
Position Single % Correct
2.Call Me Maybe
95.2%
6.Gangnam Style
91.5%
1.Somebody That I Used To Know
83%
3.We Are Young
82.6%
4.Titanium
75.9%
9.Payphone
73.7%
21.Hall Of Fame
67.8%
7.Starships
65.9%
5.Impossible
64.1%
22.Candy
61.5%
13.Don't You Worry Child
60.4%
25.Princess Of China
60%
30.Sexy And I Know It
55.6%
23.Drive By
54.8%
8.Domino
53.7%
12.Beneath Your Beautiful
50.4%
29.Troublemaker
50%
10.Wild Ones
49.3%
18.Too Close
49.3%
24.Hot Right Now
49.3%
Position Single % Correct
31.N***** In Paris
49.3%
40.Wings
49.3%
17.Mama Do The Hump
44.4%
28.R.I.P.
43.7%
11.Diamonds
43%
27.Black Heart
43%
16.Feel The Love
41.5%
20.Skyfall
41.5%
15.Whistle
41.1%
36.Stronger (What Doesn't Kill You)
39.6%
19.Spectrum (Say My Name)
34.1%
38.Heatwave
34.1%
14.Next To Me
33.3%
33.Locked Out Of Heaven
33%
26.We Are Never Ever Getting Back Together
32.2%
35.Turn Me On
31.5%
39.This Is Love
28.9%
34.Call My Name
27%
37.Don't Wake Me Up
19.3%
32.Where Have You Been
17.8%

You're not logged in!

Compare scores with friends on all Sporcle quizzes.
OR
Log In

Sporcle TV

Today on Sporcle TV


Watch our educational content, quiz creation guides, and fun videos on Sporcle TV.

Show Comments

Extras

Created Oct 27, 2013ReportNominate
Tags:2012, Act, biggest, Selling Singles, Single

Top Quizzes Today


Score Distribution

Paid Content

Your Account Isn't Verified!

In order to create a playlist on Sporcle, you need to verify the email address you used during registration. Go to your Sporcle Settings to finish the process.

Report this User

Report this user for behavior that violates our Community Guidelines.

Details: